[Event "fast KO >1600 ... 2000"]
[Site "SchemingMind.com"]
[Date "2013.01.23"]
[Round "-"]
[White "Scooter"]
[Black "kenneth m day"]
[Result "1-0"]
[WhiteCountry "USA"]
[BlackCountry "USA"]
[WhiteElo "1774"]
[WhiteRD "54"]
[BlackElo "1765"]
[BlackRD "52"]
[GameID "325736"]

1. d4 g6 2. Nf3 Bg7 3. Bf4 d6 4. e3 Bf5 5. Bd3 Qd7 6. Bxf5 Qxf5 7. O-O Nf6 8. h3 Nc6 9. a3 h6 10. Qd3 Qxd3
11. cxd3 Nd5 12. Bg3 h5 13. Nc3 Nf6 14. b4 a6 15. b5 Na5 16. bxa6 Rxa6 17. Nb5 Rc6 18. Rfc1 Kd7 19. Rxc6 Nxc6 20. Rc1 e6
21. Nd2 Ra8 22. e4 Ne8 23. Nc4 Nxd4 24. Kf1 Nxb5 25. Rb1 c6 26. Nb6+
1-0

[Event "fast KO >1600 ... 2000"]
[Site "SchemingMind.com"]
[Date "2013.01.25"]
[Round "-"]
[White "emvarela"]
[Black "MazetaFighter"]
[Result "1/2-1/2"]
[WhiteCountry "ARG"]
[BlackCountry "GRE"]
[WhiteElo "1759"]
[WhiteRD "49"]
[BlackElo "1852"]
[BlackRD "80"]
[GameID "325859"]

1. e4 e5 2. Nf3 Nc6 3. Bb5 a6 4. Bxc6 dxc6 5. O-O f6 6. d4 exd4 7. Qxd4 Qxd4 8. Nxd4 c5 9. Ne2 Bd7 10. Be3 O-O-O
11. Nbc3 Re8 12. Rfd1 Bc6 13. f3 Bd6 14. Ng3 Ne7 15. Kf2 h5 16. Nd5 Nxd5 17. exd5 Bd7 18. c4 h4 19. Nf1 b6 20. Re1 g5
21. Bd2 Rxe1 22. Rxe1 Re8 23. Rxe8+ Bxe8 24. Bc3 Be7 25. Ne3 Bd7 26. Ng4 f5 27. Nf6 Bd6=
1/2-1/2

[Event "fast KO >1600 ... 2000"]
[Site "SchemingMind.com"]
[Date "2013.01.25"]
[Round "-"]
[White "MazetaFighter"]
[Black "emvarela"]
[Result "1-0"]
[WhiteCountry "GRE"]
[BlackCountry "ARG"]
[WhiteElo "1852"]
[WhiteRD "80"]
[BlackElo "1759"]
[BlackRD "49"]
[GameID "325868"]

1. e4 e5 2. Nf3 Nc6 3. Bb5 a6 4. Ba4 Nf6 5. O-O Be7 6. Re1 b5 7. Bb3 O-O 8. c3 d5 9. exd5 Nxd5 10. Nxe5 Nxe5
11. Rxe5 Nf6 12. d4 Bd6 13. Re2 c5 14. dxc5 Bxc5 15. Be3 Qxd1+ 16. Bxd1 Bxe3 17. Rxe3 Be6 18. Nd2 Rad8 19. Nb3 Bxb3 20. Bxb3 Rfe8
21. Rxe8+ Rxe8 22. Kf1
1-0

[Event "fast KO >1600 ... 2000"]
[Site "SchemingMind.com"]
[Date "2013.01.29"]
[Round "-"]
[White "Phillip Beckett"]
[Black "Clive Everill"]
[Result "0-1"]
[WhiteCountry "ENG"]
[BlackCountry "CZE"]
[WhiteElo "1555"]
[WhiteRD "48"]
[BlackElo "1723"]
[BlackRD "50"]
[GameID "326064"]

1. e4 a6 2. d4 b5 3. c3 Bb7 4. Bd3 Nf6 5. Nf3 Nxe4 6. Qe2 Nf6 7. O-O e6 8. Bg5 Be7 9. Nbd2 O-O 10. Bxf6 Bxf6
11. Ne4 Be7 12. Rad1 d5 13. Ng3 c5 14. dxc5 Bxc5 15. Ne5 Nd7 16. Nxd7 Qxd7 17. Qh5 g6 18. Qh6 f5 19. Rfe1 Rae8 20. Re5 Bc6
21. Rde1 Re7 22. Qg5 Kh8 23. Qh6 Rfe8 24. Qg5 Qa7 25. Qf6+ Kg8 26. Rxe6 Bxf2+ 27. Kh1 Bxe1 28. Nxf5 gxf5 29. Qg5+ Kh8 30. Qf6+ Kg8
31. Qg5+= Rg7 32. Rxe8+ Bxe8
0-1

[Event "fast KO >1600 ... 2000"]
[Site "SchemingMind.com"]
[Date "2013.01.29"]
[Round "-"]
[White "Clive Everill"]
[Black "Phillip Beckett"]
[Result "1-0"]
[WhiteCountry "CZE"]
[BlackCountry "ENG"]
[WhiteElo "1723"]
[WhiteRD "50"]
[BlackElo "1555"]
[BlackRD "48"]
[GameID "326068"]

1. e4 e5 2. Bc4 Nf6 3. d4 exd4 4. Qxd4 Nc6 5. Qe3 d6 6. f3 Be7 7. Ne2 O-O 8. O-O Ne5 9. Bb3 Be6 10. Bxe6 fxe6
11. Qb3 Qc8 12. Nf4 d5 13. Nc3 c5 14. exd5 exd5 15. Nfxd5 Nxd5 16. Nxd5 Qe6 17. Qxb7 Bf6 18. Nxf6+ Qxf6 19. Qd5+ Kh8 20. Qxc5 Rfc8
21. Qf2 Qg6 22. Be3 Rf8 23. Qg3 Nxf3+ 24. Rxf3 Rxf3 25. Qxf3 Qxc2 26. Qxa8+
1-0

[Event "fast KO >1600 ... 2000"]
[Site "SchemingMind.com"]
[Date "2013.02.06"]
[Round "-"]
[White "mmccaffe"]
[Black "SAMAEL"]
[Result "1/2-1/2"]
[WhiteCountry "USA"]
[BlackCountry "CAN"]
[WhiteElo "1638"]
[WhiteRD "65"]
[BlackElo "1713"]
[BlackRD "45"]
[GameID "326297"]

1. e4 e5 2. Nf3 Nc6 3. Bb5 d6 4. Bxc6+ bxc6 5. O-O Nf6 6. Re1 Be7 7. d4 exd4 8. Nxd4 O-O 9. Nc3 c5 10. Nf3 Re8
11. e5 dxe5 12. Qxd8 Bxd8 13. Rxe5 Rxe5 14. Nxe5 Bf5 15. Bg5 Bxc2 16. Rc1 Bf5 17. Bxf6 Bxf6 18. Nc4 Re8 19. Na4 Bd3 20. g3 g6
21. Nxc5 Bxc4 22. Rxc4 Bxb2 23. Ra4 Kg7 24. Rxa7 Re1+ 25. Kg2 Bd4 26. Rxc7 Re2 27. Kh3 Bxc5 28. Rxc5 Rxa2 29. Kg2 Ra7 30. Rc6 f5
31. h4 h5=
1/2-1/2

[Event "fast KO >1600 ... 2000"]
[Site "SchemingMind.com"]
[Date "2013.02.06"]
[Round "-"]
[White "SAMAEL"]
[Black "mmccaffe"]
[Result "1/2-1/2"]
[WhiteCountry "CAN"]
[BlackCountry "USA"]
[WhiteElo "1713"]
[WhiteRD "45"]
[BlackElo "1638"]
[BlackRD "65"]
[GameID "326304"]

1. e4 e6 2. Nf3 d5 3. exd5 exd5 4. d4 c5 5. dxc5 Bg4 6. Be2 Bxc5 7. h3 Bh5 8. O-O Nf6 9. Re1 O-O 10. Bg5 Qb6
11. Bh4 Ne4 12. Rf1 Qxb2 13. Nbd2 Nxd2 14. Qxd2 Bxf3 15. Bxf3 Qd4 16. Qxd4 Bxd4 17. Rad1 Bf6 18. Rxd5 Nc6 19. Bxf6 gxf6 20. a3 Rad8
21. Rfd1 Rxd5 22. Rxd5 Ne5 23. Be4 Rc8 24. Ra5 Nc6 25. Bxc6 Rxc6 26. Rxa7 Rxc2 27. Rxb7 Ra2 28. Ra7 Kg7 29. a4 Kf8 30. a5 Ra1+
31. Kh2 Ra2 32. f3 Ra3 33. a6 Ra2 34. Ra8+ Kg7 35. a7 Ra3 36. Kg3 Ra4 37. Kf2 Ra2+ 38. Ke3 Ra3+ 39. Kd4=
1/2-1/2

[Event "fast KO >1600 ... 2000"]
[Site "SchemingMind.com"]
[Date "2013.02.05"]
[Round "-"]
[White "David Hartley"]
[Black "simpet"]
[Result "1-0"]
[WhiteCountry "ENG"]
[BlackCountry "ENG"]
[WhiteElo "1792"]
[WhiteRD "64"]
[BlackElo "1629"]
[BlackRD "54"]
[GameID "326564"]

1. e4 Nc6 2. d4 e5 3. Nf3 exd4 4. Nxd4 Bb4+ 5. c3 Bc5 6. Be3 Nf6 7. Nxc6 bxc6 8. Bxc5 d6 9. Bd4 O-O 10. Bxf6 Qxf6
11. Bd3 Qg5 12. O-O Bg4 13. f3 Bh3 14. Rf2 Rae8 15. Kh1 Be6 16. Qd2 Qh5 17. Qc2 f5 18. Nd2 f4 19. c4 Rf6 20. Re1 Rh6
21. Nf1 Rf8 22. Qa4 Qh4 23. Ree2 g5 24. Rd2 g4 25. fxg4 Qxg4 26. Be2 Qh4 27. Bf3 Rg6 28. Qxc6 Rg7 29. e5 Rd7 30. Rfe2 Bg4
31. Bxg4 Qxg4 32. Qf3 Qg6 33. Re4 Rdf7 34. exd6 cxd6 35. Ree2 Qb1 36. b3 Rf6 37. Rd4 h6 38. Rde4 R8f7 39. Rf2 Kh7 40. Rd4 Kg6
41. Qd3+ Qxd3 42. Rxd3 Re7 43. Rdf3 Kg5 44. Nd2 Re1+ 45. Rf1 Rxf1+ 46. Rxf1 Re6 47. Kg1 Re2 48. Rd1 h5 49. Kf1 Re6 50. Nf3+ Kg4
51. Kf2 h4 52. Rd5 h3 53. Rg5#
1-0

[Event "fast KO >1600 ... 2000"]
[Site "SchemingMind.com"]
[Date "2013.02.08"]
[Round "-"]
[White "roque"]
[Black "Greg Magne"]
[Result "0-1"]
[WhiteCountry "FRA"]
[BlackCountry "CAN"]
[WhiteElo "1867"]
[WhiteRD "79"]
[BlackElo "1896"]
[BlackRD "66"]
[GameID "326724"]

1. e4 c5 2. Nf3 d6 3. d4 cxd4 4. Nxd4 Nf6 5. Nc3 a6 6. Be2 e5 7. Nb3 Nc6 8. Bg5 Be7 9. Qd2 h6 10. Bxf6 gxf6
11. O-O f5 12. Bf3 Be6 13. Nd5 fxe4 14. Bxe4 Bxd5 15. Bxd5 Qd7 16. Rfe1 O-O-O 17. Bxf7 Bg5 18. Qd5 Kb8 19. Be6 Qg7 20. c3 Qf6
21. Bh3 Rhf8 22. Re2 h5 23. Nd2 Bxd2 24. Qxd2 d5 25. Qe3 Ka8 26. Rae1 e4 27. c4 dxc4 28. Qxe4 Rd4 29. Qh7 Nb4 30. Re8+ Rxe8
31. Rxe8+ Ka7 32. Qxh5 Nd3 33. f3 Qb6 34. g3 Rd5+
0-1

[Event "fast KO >1600 ... 2000"]
[Site "SchemingMind.com"]
[Date "2013.02.09"]
[Round "-"]
[White "vitrazv"]
[Black "spoke"]
[Result "1-0"]
[WhiteCountry "MEX"]
[BlackCountry "GER"]
[WhiteElo "1981"]
[WhiteRD "85"]
[BlackElo "1787"]
[BlackRD "69"]
[GameID "326725"]

1. e4 e5 2. Nf3 Nc6 3. Bb5 Bb4 4. O-O Nge7 5. c3 Ba5 6. d4 exd4 7. Nxd4 O-O 8. Nxc6 Nxc6 9. Qa4 Bb6 10. Nd2 Ne5
11. Nc4 Nxc4 12. Bxc4 d6 13. Be3 Be6 14. Rae1 Bxc4 15. Qxc4 Qd7 16. Bxb6 axb6 17. a3 Rfe8 18. f3 b5 19. Qd3 Qc6 20. Rd1 Qc4
21. Qc2 Qe6 22. Rd4 f6 23. Rfd1 Rad8= 24. Qd3 c6 25. Rxd6 Rxd6 26. Qxd6 Qxd6 27. Rxd6 Kf7 28. Kf2 Ke7 29. Rd4 Rd8 30. Kg3 Rxd4
31. cxd4 g5 32. Kg4 Kf7 33. Kh5 Kg7 34. d5
1-0

[Event "fast KO >1600 ... 2000"]
[Site "SchemingMind.com"]
[Date "2013.02.08"]
[Round "-"]
[White "Greg Magne"]
[Black "roque"]
[Result "0-1"]
[WhiteCountry "CAN"]
[BlackCountry "FRA"]
[WhiteElo "1896"]
[WhiteRD "66"]
[BlackElo "1867"]
[BlackRD "79"]
[GameID "326728"]

1. e4 c5 2. Nf3 e6 3. d4 cxd4 4. Nxd4 a6 5. Be3 Nf6 6. Nd2 Nc6 7. f4 Qc7 8. c3 d6 9. Be2 Be7 10. Bf3 O-O
11. O-O e5 12. Nf5 exf4 13. Nxe7+ Qxe7 14. Bxf4 Ne5 15. Re1 Nd3 16. Bg3 Nxe1 17. Qxe1 Be6 18. b3 Nd7 19. Nf1 Ne5 20. Rd1 Rad8
21. Ne3 Rfe8 22. Nd5 Bxd5 23. Rxd5 f5 24. Bxe5 dxe5 25. exf5 Rxd5 26. Bxd5+ Kf8 27. c4 e4 28. Be6 Qc5+ 29. Kf1 e3 30. Qe2 Qe5
31. Qh5 Rxe6
0-1

[Event "fast KO >1600 ... 2000"]
[Site "SchemingMind.com"]
[Date "2013.02.08"]
[Round "-"]
[White "spoke"]
[Black "vitrazv"]
[Result "0-1"]
[WhiteCountry "GER"]
[BlackCountry "MEX"]
[WhiteElo "1806"]
[WhiteRD "72"]
[BlackElo "1988"]
[BlackRD "92"]
[GameID "326729"]

1. e4 e5 2. Nf3 Nc6 3. Bc4 h6 4. d4 exd4 5. Nxd4 Qf6 6. c3 Bc5 7. Be3 Ne5 8. Bb3 Qa6 9. Bc2 Nf6 10. b4 Be7
11. Nf5 g5 12. Bd4 d6 13. Bxe5 dxe5 14. Bd3 Qb6 15. Nxe7 Kxe7 16. O-O Rd8 17. Qc2 a5 18. b5 c6 19. bxc6 Qxc6 20. Na3 Qd6
0-1

[Event "fast KO >1600 ... 2000"]
[Site "SchemingMind.com"]
[Date "2013.02.10"]
[Round "-"]
[White "Teagy"]
[Black "Colebunker"]
[Result "1-0"]
[WhiteCountry "ENG"]
[BlackCountry "ENG"]
[WhiteElo "1754"]
[WhiteRD "77"]
[BlackElo "1816"]
[BlackRD "70"]
[GameID "326799"]

1. e4 c5 2. Nc3 Nc6 3. d3 g6 4. g3 Bg7 5. Bg2 d6 6. f4 e5 7. Nf3 Nge7 8. O-O O-O 9. Rb1 Bg4 10. h3 Bxf3
11. Bxf3 Nd4 12. Bg2 Nec6 13. Ne2 Nxe2+ 14. Qxe2 Nd4 15. Qf2 Qa5 16. c3 Qxa2 17. Be3 Nc6 18. f5 Qa6 19. f6 Bh8 20. Bh6 Rfe8
21. h4 Re6 22. Qe3 b5 23. Qg5 Qc8 24. h5 Qd8 25. hxg6 hxg6 26. Qg4 Rxf6 27. Bg5 Rxf1+ 28. Rxf1 Qc8 29. Qh4 Qf8 30. Bh3 Nd8
31. Be7
1-0

[Event "fast KO >1600 ... 2000"]
[Site "SchemingMind.com"]
[Date "2013.02.10"]
[Round "-"]
[White "Colebunker"]
[Black "Teagy"]
[Result "1-0"]
[WhiteCountry "ENG"]
[BlackCountry "ENG"]
[WhiteElo "1816"]
[WhiteRD "70"]
[BlackElo "1754"]
[BlackRD "77"]
[GameID "326800"]

1. e4 Nf6 2. Nc3 e5 3. d4 Bb4 4. dxe5 Bxc3+ 5. bxc3 Nxe4 6. Qg4 d5 7. Qxg7 Rf8 8. Bh6 Qe7 9. Ne2 Be6 10. Qxf8+ Qxf8
11. Bxf8 Kxf8 12. f3 Nc5 13. Nd4 Nbd7 14. f4 Nb6 15. Bd3 h6 16. O-O c6 17. Rae1 Bg4 18. h3 Bd7 19. f5 Nxd3 20. cxd3 c5
21. Nb3 c4 22. Nc5 Bb5 23. d4 Bc6 24. f6 Kg8 25. e6
1-0

[Event "fast KO >1600 ... 2000"]
[Site "SchemingMind.com"]
[Date "2013.03.09"]
[Round "-"]
[White "vitrazv"]
[Black "Clive Everill"]
[Result "1-0"]
[WhiteCountry "MEX"]
[BlackCountry "CZE"]
[WhiteElo "2019"]
[WhiteRD "84"]
[BlackElo "1736"]
[BlackRD "52"]
[GameID "328030"]

1. e4 c5 2. Nf3 Nc6 3. Nc3 g6 4. d4 cxd4 5. Nxd4 Bg7 6. Be3 Nf6 7. Nxc6 bxc6 8. e5 Ng8 9. f4 Nh6 10. Qd2 d6
11. O-O-O O-O 12. h3 Nf5 13. Bf2 Bb7 14. Bd3 dxe5 15. Bxf5 Qxd2+ 16. Rxd2 gxf5 17. Rd7 Rfb8 18. fxe5 Bxe5 19. Rxe7 Bxc3 20. bxc3 Kg7
21. Bg3 Kf6 22. Rhe1 Rg8 23. Bh4+ Kg6 24. Rxb7 Kh5 25. g3 Kg6 26. Ree7
1-0

[Event "fast KO >1600 ... 2000"]
[Site "SchemingMind.com"]
[Date "2013.03.09"]
[Round "-"]
[White "Clive Everill"]
[Black "vitrazv"]
[Result "0-1"]
[WhiteCountry "CZE"]
[BlackCountry "MEX"]
[WhiteElo "1736"]
[WhiteRD "52"]
[BlackElo "2019"]
[BlackRD "84"]
[GameID "328035"]

1. e4 e5 2. Nc3 Nc6 3. f4 exf4 4. Nf3 Nf6 5. e5 Ng4 6. d4 d6 7. Bxf4 dxe5 8. dxe5 Bc5 9. Qxd8+ Nxd8 10. Ne4 Ne6
11. Bg3 Bb6 12. O-O-O Ne3 13. Rd3 Bd7 14. Bf2 Nxf1 15. Bxb6 axb6 16. Rxf1 Bb5 17. Nfg5 Rxa2 18. Rxf7 Bxd3 19. cxd3 Nxg5 20. Nxg5 Rf8
21. Rxc7 Rf2 22. Nxh7 Ra1#
0-1

[Event "fast KO >1600 ... 2000"]
[Site "SchemingMind.com"]
[Date "2013.03.23"]
[Round "-"]
[White "Scooter"]
[Black "Greg Magne"]
[Result "1/2-1/2"]
[WhiteCountry "USA"]
[BlackCountry "CAN"]
[WhiteElo "1732"]
[WhiteRD "48"]
[BlackElo "1894"]
[BlackRD "67"]
[GameID "328977"]

1. d4 d5 2. Nf3 Nf6 3. Bf4 e6 4. e3 c5 5. c3 Nc6 6. Bb5 Qb6 7. Qb3 Bd7 8. O-O Ne4 9. Bxc6 Bxc6 10. Nbd2 Nxd2
11. Nxd2 c4 12. Qxb6 axb6 13. f3 Be7 14. e4 O-O 15. exd5 exd5 16. Rfe1 Rfe8 17. b3 b5 18. b4 Bf6 19. Rxe8+ Bxe8 20. Be5 Ra6=
21. Bxf6 Rxf6 22. Re1 Re6 23. Rxe6 fxe6 24. f4 Kf7 25. Nf3 Kf6 26. Ne5 Kf5 27. Kf2 Kxf4 28. g3+ Ke4 29. h3 g5 30. Ke2 h5
31. Kf2 h4 32. g4 Kf4 33. Nf3 Bg6 34. Ne5 Be8 35. Nf3=
1/2-1/2

[Event "fast KO >1600 ... 2000"]
[Site "SchemingMind.com"]
[Date "2013.03.23"]
[Round "-"]
[White "Greg Magne"]
[Black "Scooter"]
[Result "1/2-1/2"]
[WhiteCountry "CAN"]
[BlackCountry "USA"]
[WhiteElo "1894"]
[WhiteRD "67"]
[BlackElo "1732"]
[BlackRD "48"]
[GameID "328979"]

1. d4 Nf6 2. c4 g6 3. Nc3 Bg7 4. e4 d6 5. Bd3 O-O 6. f3 c5 7. d5 a6 8. Nge2 Bd7 9. O-O e5 10. a3 Re8
11. b4 b6 12. bxc5 bxc5 13. Rb1 Qc7 14. Na4 Bxa4 15. Qxa4 Nbd7 16. Bd2 Nb6 17. Qc2 Nbd7 18. Bc3 Reb8 19. Qd2 Rxb1 20. Rxb1 Rb8
21. Ba5 Rxb1+ 22. Bxb1 Qb7 23. Qc2 Nb6 24. Qb3 Nfd7 25. Nc3 Bh6 26. Na4 Bg5 27. Nxb6 Bd8 28. Bc2 Bxb6 29. Bxb6 Qxb6 30. Qxb6 Nxb6
31. Bb3 Kg7 32. Kf2 f5 33. Ke3=
1/2-1/2

[Event "fast KO >1600 ... 2000"]
[Site "SchemingMind.com"]
[Date "2013.03.25"]
[Round "-"]
[White "Colebunker"]
[Black "simpet"]
[Result "1-0"]
[WhiteCountry "ENG"]
[BlackCountry "ENG"]
[WhiteElo "1816"]
[WhiteRD "70"]
[BlackElo "1608"]
[BlackRD "55"]
[GameID "329068"]

1. e4 e5 2. Nf3 Nc6 3. Bc4 Nf6 4. Ng5 Bc5 5. Nxf7 Bxf2+ 6. Kf1 Qe7 7. Nxh8 d5 8. exd5 Nd4 9. c3 Bg4 10. Qa4+ Bd7
11. Qa3 Nc2 12. Qxe7+ Kxe7 13. Kxf2 Ne4+ 14. Kg1 Rxh8 15. Bd3 Nxa1 16. Bxe4 Bb5 17. Na3 Ba6 18. d3 Rf8 19. Bg5+ Kd7 20. h3 h6
21. Be3 b6 22. Kh2 Nb3 23. axb3 Kd6 24. Nc4+ Bxc4 25. bxc4 a5 26. b4 a4 27. c5+ bxc5 28. Bxc5+ Kd7 29. Bxf8 Ke8 30. Rf1 a3
31. Bc5 g5 32. Bf5 a2 33. Be6
1-0

[Event "fast KO >1600 ... 2000"]
[Site "SchemingMind.com"]
[Date "2013.03.25"]
[Round "-"]
[White "simpet"]
[Black "Colebunker"]
[Result "1/2-1/2"]
[WhiteCountry "ENG"]
[BlackCountry "ENG"]
[WhiteElo "1608"]
[WhiteRD "55"]
[BlackElo "1816"]
[BlackRD "70"]
[GameID "329072"]

1. e4 e5 2. Nf3 Nc6 3. Bc4 Nf6 4. Nc3 Bc5 5. O-O O-O 6. d3 h6 7. Nd5 Nxd5 8. Bxd5 d6 9. h3 Ne7 10. Bb3 a5
11. a3 c6 12. Nh4 b5 13. Qh5 Qe8 14. Kh1 Be6 15. Bxe6 fxe6 16. Qxe8 Raxe8 17. Be3 Bxe3 18. fxe3 d5 19. exd5 exd5 20. e4 dxe4
21. dxe4 Rd8 22. Nf3 Ng6 23. Rad1 Kh7= 24. Rd3 Rxd3 25. cxd3 Rd8 26. Rd1 Kg8 27. Kg1 Kf7 28. Kf2 Ke6 29. g3 Ne7 30. Ke3 c5
31. Rc1 Kd6 32. g4 g5 33. Nd2 Rc8 34. Rf1 Ke6 35. b3 Ng6 36. Nf3 Nf4 37. h4 Ng2+ 38. Kf2 Nxh4 39. Nxh4 gxh4 40. Rh1 c4
41. bxc4 bxc4 42. Rxh4 Rf8+ 43. Ke3 c3 44. Rxh6+ Kd7 45. Ra6 Rf3+ 46. Ke2 c2 47. Kd2 Rxd3+ 48. Kxc2 Rxa3 49. g5 Re3 50. Rxa5 Rxe4
51. Ra6 Rg4 52. g6 Ke7 53. Kd3 Kf8 54. Re6 Kg7=
1/2-1/2

[Event "fast KO >1600 ... 2000"]
[Site "SchemingMind.com"]
[Date "2013.03.28"]
[Round "-"]
[White "mmccaffe"]
[Black "MazetaFighter"]
[Result "0-1"]
[WhiteCountry "USA"]
[BlackCountry "GRE"]
[WhiteElo "1515"]
[WhiteRD "63"]
[BlackElo "1912"]
[BlackRD "73"]
[GameID "329352"]

1. e4 e5 2. Nf3 Nf6 3. Nxe5 d6 4. Nf3 Nxe4 5. d4 d5 6. Bd3 Nc6 7. O-O Be7 8. Re1 Bg4 9. c3 f5 10. h3 Bh5
11. Be2 O-O 12. Nbd2 Bf6 13. Nxe4 fxe4 14. Nh2 Bxe2 15. Qxe2 Qd6 16. Be3 Rf7 17. f3 Bh4 18. Rf1 Bg3
0-1

[Event "fast KO >1600 ... 2000"]
[Site "SchemingMind.com"]
[Date "2013.03.28"]
[Round "-"]
[White "MazetaFighter"]
[Black "mmccaffe"]
[Result "1-0"]
[WhiteCountry "GRE"]
[BlackCountry "USA"]
[WhiteElo "1912"]
[WhiteRD "73"]
[BlackElo "1515"]
[BlackRD "63"]
[GameID "329356"]

1. e4 e5 2. Nf3 Nc6 3. Bb5 Nf6 4. d3 d6 5. O-O Bd7 6. c3 Be7 7. Nbd2 O-O 8. Ba4 h6 9. Re1 a6 10. Nf1 b5
11. Bc2 Re8 12. d4 Bf8 13. h3 Bc8 14. Ng3 Bb7 15. Be3 Qd7 16. dxe5 Nxe5 17. Nxe5 dxe5 18. Qxd7 Nxd7 19. Rad1 Rad8 20. Rd2 Nc5
21. Red1 Rxd2 22. Rxd2 Ne6 23. Nf5
1-0

[Event "fast KO >1600 ... 2000"]
[Site "SchemingMind.com"]
[Date "2013.04.06"]
[Round "-"]
[White "Colebunker"]
[Black "vitrazv"]
[Result "0-1"]
[WhiteCountry "ENG"]
[BlackCountry "MEX"]
[WhiteElo "1805"]
[WhiteRD "70"]
[BlackElo "2019"]
[BlackRD "84"]
[GameID "329812"]

1. e4 e5 2. Nf3 Nc6 3. Bb5 Nf6 4. d4 exd4 5. Bxc6 dxc6 6. e5 Ne4 7. Qxd4 Bf5 8. O-O Bc5 9. Qxd8+ Rxd8 10. Be3 Bxe3
11. fxe3 O-O 12. Na3 Rfe8 13. Rad1 Rxd1 14. Rxd1 h6 15. c3 c5 16. Nb5 Rc8 17. Nxa7 Ra8 18. Nb5 Rxa2 19. b3 c6 20. Nd6 Nxc3
21. Re1 Bg4 22. Nxb7 Ne4 23. Rc1 Bxf3 24. gxf3 Nd2 25. f4 Nf3+ 26. Kf1 Nxh2+ 27. Ke1 Nf3+ 28. Kf1 g5 29. Rxc5 g4 30. Ra5 Rb2
31. Ra8+ Kh7
0-1

[Event "fast KO >1600 ... 2000"]
[Site "SchemingMind.com"]
[Date "2013.04.06"]
[Round "-"]
[White "vitrazv"]
[Black "Colebunker"]
[Result "1-0"]
[WhiteCountry "MEX"]
[BlackCountry "ENG"]
[WhiteElo "2019"]
[WhiteRD "84"]
[BlackElo "1805"]
[BlackRD "70"]
[GameID "329816"]

1. e4 e5 2. Nf3 Nc6 3. Bb5 a6 4. Ba4 Nf6 5. O-O Nxe4 6. Re1 Nc5 7. Bxc6 dxc6 8. d4 Ne6 9. dxe5 Qxd1 10. Rxd1 Be7
11. Be3 O-O 12. Nc3 b6 13. a4 a5 14. Ne4 c5 15. Nc3 c6 16. Ne4 Rd8 17. Rxd8+ Nxd8 18. Nd6 Be6 19. Re1 Bd5 20. Nd2 Ne6
21. c4 Nc7 22. cxd5 cxd5 23. Bf4 d4 24. N2c4 Nd5 25. g3 h6 26. Kg2 g5 27. Bd2 Kg7 28. Nf5+
1-0

[Event "fast KO >1600 ... 2000"]
[Site "SchemingMind.com"]
[Date "2013.05.14"]
[Round "-"]
[White "MazetaFighter"]
[Black "Greg Magne"]
[Result "1-0"]
[WhiteCountry "GRE"]
[BlackCountry "CAN"]
[WhiteElo "1934"]
[WhiteRD "74"]
[BlackElo "1958"]
[BlackRD "69"]
[GameID "331832"]

1. e4 e5 2. Nf3 f5 3. Nxe5 Qf6 4. Nc4 fxe4 5. Nc3 Qf7 6. Ne3 c6 7. Nxe4 d5 8. Ng5 Qf4 9. Nf3 Nf6 10. d4 Qc7
11. Be2 Bd6 12. O-O O-O 13. c4 Be6 14. Qc2 Nbd7 15. c5 Bf4 16. Nf5 Ne4 17. Bxf4 Qxf4 18. Ng3 Ndf6 19. Bd3 Rad8 20. Rfe1 Bg4
21. Nxe4 Bxf3 22. Nxf6+ Rxf6 23. gxf3 Rh6 24. Bf5 Qxh2+ 25. Kf1 Qf4 26. Be6+ Kh8 27. Qc3 Re8 28. Bh3 Rf8 29. Bg4 Rh1+ 30. Ke2 Rh2
31. Rh1 h5 32. Bxh5
1-0

[Event "fast KO >1600 ... 2000"]
[Site "SchemingMind.com"]
[Date "2013.05.14"]
[Round "-"]
[White "Greg Magne"]
[Black "MazetaFighter"]
[Result "1/2-1/2"]
[WhiteCountry "CAN"]
[BlackCountry "GRE"]
[WhiteElo "1958"]
[WhiteRD "69"]
[BlackElo "1934"]
[BlackRD "74"]
[GameID "331839"]

1. e4 e5 2. Nf3 Nc6 3. Bb5 a6 4. Ba4 Nf6 5. O-O Be7 6. Re1 b5 7. Bb3 d6 8. c3 O-O 9. h3 Na5 10. Bc2 c5
11. d4 Qc7 12. Nbd2 cxd4 13. cxd4 Nc6 14. Nb3 a5 15. Be3 a4 16. Nbd2 Bd7 17. Rc1 Qb7 18. Nf1 Rfc8 19. Ng3 g6 20. Qe2 exd4=
21. Nxd4 Ne5 22. b3 axb3 23. Bxb3 Nxe4 24. Nxe4 Qxe4 25. Nxb5 Qb7 26. Nd4 Qb4 27. f4 Nc6 28. Nxc6 Bxc6 29. f5 Bb7 30. fxg6 hxg6
31. Bd2=
1/2-1/2

[Event "fast KO >1600 ... 2000"]
[Site "SchemingMind.com"]
[Date "2013.06.30"]
[Round "-"]
[White "MazetaFighter"]
[Black "vitrazv"]
[Result "0-1"]
[WhiteCountry "GRE"]
[BlackCountry "MEX"]
[WhiteElo "1983"]
[WhiteRD "66"]
[BlackElo "2044"]
[BlackRD "96"]
[GameID "333894"]

1. e4 e6 2. d4 d5 3. Nc3 dxe4 4. Nxe4 Nf6 5. Bd3 Nxe4 6. Bxe4 f5 7. Bf3 Nc6 8. Bxc6+ bxc6 9. Nf3 Ba6 10. c3 Qd5
11. Qc2 Be7 12. Bf4 g5 13. Bxc7 g4 14. Ne5 Rc8
0-1

[Event "fast KO >1600 ... 2000"]
[Site "SchemingMind.com"]
[Date "2013.06.30"]
[Round "-"]
[White "vitrazv"]
[Black "MazetaFighter"]
[Result "1-0"]
[WhiteCountry "MEX"]
[BlackCountry "GRE"]
[WhiteElo "2064"]
[WhiteRD "98"]
[BlackElo "1966"]
[BlackRD "71"]
[GameID "333898"]

1. d4 Nf6 2. c4 e6 3. e3 d5 4. Nf3 c6 5. Nc3 Be7 6. Bd3 O-O 7. O-O Nbd7 8. Bd2 Re8 9. h3 h6 10. Qc2 Bd6
11. a3 dxc4 12. Bxc4 e5 13. dxe5 Nxe5 14. Nxe5 Bxe5 15. Rad1 Qe7 16. Ne2 a5 17. Nf4 b6 18. Ng6 Qc7 19. Nxe5 Qxe5 20. Bc3 Qf5
21. Qxf5 Bxf5 22. Bxf6 gxf6 23. Rd6 Be6 24. Rc1 Rac8 25. Ba6 Rc7 26. Rdxc6 Rxc6 27. Rxc6 Rb8 28. Bc4 Bxc4 29. Rxc4 Kg7 30. Rc6 b5
31. Rc5 a4 32. Kf1 b4 33. Rc4 bxa3 34. bxa3 Ra8 35. Rc5 Kg6 36. Ke2
1-0